Education in Kenya : since independence / (Record no. 987)
| 000 -LEADER | |
|---|---|
| fixed length control field | 00640nam a2200205 a 4500 |
| 001 - CONTROL NUMBER | |
| control field | 2066814 |
| 003 - CONTROL NUMBER IDENTIFIER | |
| control field | OSt |
| 005 - DATE AND TIME OF LATEST TRANSACTION | |
| control field | 20140116120842.0 |
| 008 - FIXED-LENGTH DATA ELEMENTS--GENERAL INFORMATION | |
| fixed length control field | 930929s1993 ke a b 000 0 eng |
| 020 ## - INTERNATIONAL STANDARD BOOK NUMBER | |
| International Standard Book Number | 9966469990 |
| 050 00 - LIBRARY OF CONGRESS CALL NUMBER | |
| Classification number | LA1561.E84 1993 |
| 100 1# - MAIN ENTRY--PERSONAL NAME | |
| Personal name | Eshiwani, George S. |
| 245 10 - TITLE STATEMENT | |
| Title | Education in Kenya : since independence / |
| Statement of responsibility, etc | George S. Eshiwani. |
| 260 ## - PUBLICATION, DISTRIBUTION, ETC. (IMPRINT) | |
| Place of publication, distribution, etc | Nairobi : |
| Name of publisher, distributor, etc | East African Educational Publishers, |
| Date of publication, distribution, etc | 1993. |
| 300 ## - PHYSICAL DESCRIPTION | |
| Extent | v, 229 p. : |
| Other physical details | ill. ; |
| Dimensions | 21 cm. |
| 504 ## - BIBLIOGRAPHY, ETC. NOTE | |
| Bibliography, etc | Includes bibliographical references and index. |
| 650 #0 - SUBJECT ADDED ENTRY--TOPICAL TERM | |
| Topical term or geographic name as entry element | Education |
| Geographic subdivision | Kenya |
| General subdivision | History |
| Chronological subdivision | 20th century. |
| 651 #0 - SUBJECT ADDED ENTRY--GEOGRAPHIC NAME | |
| Geographic name | Kenya |
| General subdivision | History |
| Chronological subdivision | 1963- |
| 942 ## - ADDED ENTRY ELEMENTS (KOHA) | |
| Source of classification or shelving scheme | |
| Koha item type | Book |
| Withdrawn status | Lost status | Source of classification or shelving scheme | Damaged status | Not for loan | Home library | Current library | Date acquired | Cost, normal purchase price | Total Checkouts | Full call number | Barcode | Date last seen | Date checked out | Copy number | Price effective from | Koha item type | Total Renewals | Checked out |
|---|---|---|---|---|---|---|---|---|---|---|---|---|---|---|---|---|---|---|
| Riara University Library | Riara University Library | 21/08/2012 | 780.00 | 3 | LA1561.E84 1993 | 3492/12 | 23/11/2016 | 10/11/2016 | C.1 | 21/08/2012 | Book | |||||||
| Riara University Library | Riara University Library | 21/08/2012 | 780.00 | 3 | LA1561.E84 1993 | 3493/12 | 17/04/2015 | 17/04/2015 | C.2 | 21/08/2012 | Book | 1 | 20/05/2015 | |||||
| Riara University Library | Riara University Library | 21/08/2012 | 780.00 | 5 | LA1561.E84 1993 | 3494/12 | 20/09/2017 | 27/07/2017 | C.3 | 21/08/2012 | Book | 1 |
